000 01831aam a2200373 i 4500
001 768714001
003 CO-MdFUSB
005 20240126114330.0
007 ta
008 231018t20122012cr ||||g |||| 00| 0 spa d
020 _a9789968841177
040 _aCO-MdFUSB
_bspa
_cCO-MdFUSB
_dCO-MdFUSBC
_erda
041 _aspa
082 _223
_a269.209
_bK42
100 _aKessler, Juan B. A.,
_eautor
245 4 _aUna pequeña historia del movimiento de IINDEF
_c/ Juan Kessler
250 _aprimera edición
264 1 _aSan José, Costa Rica :
_bAIINDEF,
_c[2012]
264 4 _c©2012
300 _a86 páginas
_c; 17 cm
336 _2rdacontent
_atexto
_btxt
337 _2rdamedia
_asin mediación
_bn
338 _2rdacarrier
_avolumen
_bnc
504 _aIncluye índice
505 _tCapítulo 1.
_aLa base histórica de AIINDEF -- El primer fundamento de INDEF -- Las dudas acerca de las campañas de Evangelismo a fondo y el cambio que siguió.
505 _tCapítulo 2.
_aIINDEF en las décadas setenta y ochenta -- Los dolores de parto de INDEF -- La formación de CELEP y su separación posterior de IINDEF -- Las campañas de Guanacaste, Limón, Cartago, Puntarenas y Nicaragua.
505 _tCapítulo 3.
_aLa lucha de IINDEF contra los vientos de doctrina -- El movimiento de la guerra espiritual -- Las consultas y proyectos de la década noventa.
505 _tCapítulo 4.
_aLa primera década del nuevo milenio y el cambio en el modo de operación -- Las actividades de la primera década del nuevo milenio -- Las campañas evangelísticas de Rigoberto Vega Alvarado.
505 _tCapítulo 5.
_aAlgunas conclusiones -- Lo que la experiencia de IINDEF enseña -- Se que en el futuro vendrán cosas mejores.
563 _aRústico.
650 0 _aEvangelización
_9362
942 _cBK
945 _asor1564
999 _c69181
_d69181